00781nam a2200229 a 4500008004100000020002300041049000900064090001900073100001700092245007900109250001200188260004100200300003000241650003300271907003500304003000100339005001700340040000900357942002600366999001900392952014000411  a0717126641 (pbk. ) aMAIN aHF5686.C8bLUB aLuby, Alice.10aCost and management accounting :blearning through practice /cAlice Luby. a1st ed. aDublin 8 :bGill & Macmillan,c1999. a316 p. :bill. ;c25 cm.  1aCost accountingxAccounting. a.b10338238b15-01-14c21-11-1320230123122043.0 cNUST cBOOKSkHF5686.C8mLUB c126991d126991 r2023-01-23 00:00:00l6oHF5686.C8 LUBp92004040537v80.00w2023-01-23yBOOKS102LCC40708NFIC00aMAINbMAINcGENd2023-01-23g80.00